| 000 | 01018nam a22003137a 4500 | ||
|---|---|---|---|
| 001 | 200461770 | ||
| 003 | TR-AnTOB | ||
| 005 | 20240711152740.0 | ||
| 008 | 240711b tu ||||| |||| 00| 0 tur d | ||
| 020 | _a9786059166850 | ||
| 040 |
_aTR-AnTOB _beng _erda _cTR-AnTOB |
||
| 041 | _atur | ||
| 092 |
_a 813.42 _bYAŞ 2022 |
||
| 100 | 1 |
_aYaşar, Sinan _eAuthor. _9144183 |
|
| 245 |
_aÇetin ceviz ve gözlüklü çocuk : _bsıra dışı bir kardeşli hikayesi / _cSinan Yaşar ; editör: Sima Özkan ; resimleyen: Büşra Çakmak |
||
| 250 | _a7.bs. | ||
| 260 |
_aİstanbul : _b Fom Kitap ; _c 2022. |
||
| 300 |
_a94 Pages. : _bill. ; _c19 cm. |
||
| 336 |
_atext _btxt _2rdacontent |
||
| 337 |
_aunmediated _bn _2rdamedia |
||
| 338 |
_avolume _bnc _2rdacarrier |
||
| 490 |
_aForm Kitap ; _v92 |
||
| 653 | _aTürk edebiyatı | ||
| 700 | 1 |
_aÖzkan, Sima, _d1988- _eeditor _9138485 |
|
| 700 | 1 |
_aÇakmak, Büşra _eillustrator. _9144067 |
|
| 942 |
_2ddc _cBK |
||
| 999 |
_c200461770 _d79982 |
||